How to paint & draw : (Record no. 608310)
[ view plain ]
| 000 -LEADER | |
|---|---|
| fixed length control field | 00687nam a22002177a 4500 |
| 003 - CONTROL NUMBER IDENTIFIER | |
| control field | OSt |
| 005 - DATE AND TIME OF LATEST TRANSACTION | |
| control field | 20240227105341.0 |
| 008 - FIXED-LENGTH DATA ELEMENTS--GENERAL INFORMATION | |
| fixed length control field | 190516t xxu||||| |||| 00| 0 eng d |
| 020 ## - INTERNATIONAL STANDARD BOOK NUMBER | |
| International Standard Book Number | 9781843098621 |
| 040 ## - CATALOGING SOURCE | |
| Transcribing agency | 0 |
| 082 ## - DEWEY DECIMAL CLASSIFICATION NUMBER | |
| Classification number | 751.4 |
| Author Mark | HAR 2003 |
| 100 1# - MAIN ENTRY--PERSONAL NAME | |
| Personal name | Harrison, Hazel |
| 9 (RLIN) | 121415 |
| 245 10 - TITLE STATEMENT | |
| Title | How to paint & draw : |
| Remainder of title | drawing, watercolour, oil & acrylic, pastel/ |
| Statement of responsibility, etc. | Hazel Harrison |
| 260 ## - PUBLICATION, DISTRIBUTION, ETC. | |
| Place of publication, distribution, etc. | London: |
| Name of publisher, distributor, etc. | Hermes House; |
| Date of publication, distribution, etc. | 2003. |
| 300 ## - PHYSICAL DESCRIPTION | |
| Extent | 256p.: |
| Other physical details | ill; |
| Dimensions | 30cm. |
| 650 ## - SUBJECT ADDED ENTRY--TOPICAL TERM | |
| Topical term or geographic name entry element | Painting |
| Form subdivision | Technique |
| 9 (RLIN) | 121416 |
| 650 ## - SUBJECT ADDED ENTRY--TOPICAL TERM | |
| Topical term or geographic name entry element | Art--Technique |
| 9 (RLIN) | 10396 |
| 650 ## - SUBJECT ADDED ENTRY--TOPICAL TERM | |
| Topical term or geographic name entry element | Pastel drawing |
| General subdivision | Technique |
| 9 (RLIN) | 121417 |
| 942 ## - ADDED ENTRY ELEMENTS (KOHA) | |
| Source of classification or shelving scheme | |
| Koha item type | Book |
| Institution code [OBSOLETE] | SADA |
| Call number prefix | 751.4 HAR 2003 |
| Withdrawn status | Lost status | Source of classification or shelving scheme | Damaged status | Not for loan | Permanent Location | Current Location | Date acquired | Source of acquisition | Total Checkouts | Full call number | Barcode | Date last seen | Price effective from | Koha item type |
|---|---|---|---|---|---|---|---|---|---|---|---|---|---|---|
| School of Art Design and Architecture (SADA) | School of Art Design and Architecture (SADA) | 05/09/2019 | Donation | 751.4 HAR 2003 | SADAD0000397 | 02/27/2024 | 02/27/2024 | Book |
